00492cam a22001931 4500001001300000003000400013005001700017008004100034010001700075035002000092040003200112042001200144050001900156100002400175245002700199260003800226300001900264999001500283af 48002098 DLC20260227110853.0890607s1947 gw 000 1 ger c aaf 48002098  a(OCoLC)19832139 aYale Univ. LibrarycCUdDLC apremarc00aPT2647.O39bN51 aWolf, Henry,d1901-10aNinon Radue;bNovelle. aKarlsruhe,bSchwerdtfeger,c1947. a194 p.c15 cm. c4865d4865